Linie tramwajowe w Bydgoszczy - Statystyki

Ogólne statystyki
  • Ten quiz został rozwiązany 153 razy
  • Średni wynik to 19 z 22
Statystyki odpowiedzi
Hint Odpowiedź % Poprawnych
1 Las Gdański
93%
2 Las Gdański
93%
10 Las Gdański
93%
3 Łoskoń
91%
5 Łoskoń
91%
7 Łoskoń
91%
7 Kapuściska
89%
2 Kapuściska
89%
8 Kapuściska
89%
3 Wilczak
89%
1 Wilczak
89%
10 Niepodległości
88%
11 Niepodległości
88%
4 Glinki
86%
9 Glinki
86%
4 Bielawy
82%
6 Bielawy
82%
11 Bielawy
82%
5 Rycerska
82%
8 Rycerska
82%
9 Rycerska
82%
6 Łęgnowo
72%
Nie znaleziono quizów pasujących do podanych kryteriów
Rozkład punktacji
Procent ludzi z każdym wynikiem
Percentyl według liczby udzielonych odpowiedzi
Twoja historia wyników
Nie rozwiązałeś tego quizu